<?xml version="1.0" encoding="UTF-8"?><?xml-stylesheet type="text/xsl" href="static/style.xsl"?><OAI-PMH xmlns="http://www.openarchives.org/OAI/2.0/" xmlns:xsi="http://www.w3.org/2001/XMLSchema-instance" xsi:schemaLocation="http://www.openarchives.org/OAI/2.0/ http://www.openarchives.org/OAI/2.0/OAI-PMH.xsd"><responseDate>2026-06-02T08:14:48Z</responseDate><request verb="GetRecord" identifier="oai:riuma.uma.es:10630/44787" metadataPrefix="marc">https://riuma.uma.es/rest/oai/request</request><GetRecord><record><header><identifier>oai:riuma.uma.es:10630/44787</identifier><datestamp>2026-01-26T10:47:53Z</datestamp><setSpec>com_10630_2254</setSpec><setSpec>col_10630_37953</setSpec></header><metadata><record xmlns="http://www.loc.gov/MARC21/slim" xmlns:dcterms="http://purl.org/dc/terms/" xmlns:doc="http://www.lyncode.com/xoai" xmlns:xsi="http://www.w3.org/2001/XMLSchema-instance" xsi:schemaLocation="http://www.loc.gov/MARC21/slim http://www.loc.gov/standards/marcxml/schema/MARC21slim.xsd">
   <leader>00925njm 22002777a 4500</leader>
   <datafield ind2=" " ind1=" " tag="042">
      <subfield code="a">dc</subfield>
   </datafield>
   <datafield ind2=" " ind1=" " tag="720">
      <subfield code="a">López-Gil, Juana Milagros</subfield>
      <subfield code="e">author</subfield>
   </datafield>
   <datafield ind2=" " ind1=" " tag="260">
      <subfield code="c">2022</subfield>
   </datafield>
   <datafield ind2=" " ind1=" " tag="520">
      <subfield code="a">El trabajo analiza la cuestión prejudicial C-869/19 planteada por el Tribunal Supremo español ante el Tribunal de Justicia de la Unión Europea, relativa a la compatibilidad del principio tantum appellatum quantum devolutum y de otros principios estructurales del proceso civil —justicia rogada, congruencia, preclusión, prohibición de la reformatio in peius, cosa juzgada y seguridad jurídica— con la aplicación del artículo 6.1 de la Directiva 93/13/CEE sobre cláusulas abusivas en contratos con consumidores. A partir del estudio del origen procesal del litigio y del análisis de las posiciones sostenidas por las partes, los Estados miembros intervinientes, la Comisión Europea y el Abogado General, la autora examina críticamente el alcance de la obligación de control judicial de oficio de las cláusulas abusivas en sede de recurso. El trabajo defiende que la protección del consumidor, aun siendo un objetivo esencial del Derecho de la Unión, no exige ni justifica la quiebra de los principios fundamentales que informan el proceso civil ni la desactivación de los efectos preclusivos y de cosa juzgada de los pronunciamientos no impugnados. Asimismo, se sostiene que la extensión ilimitada del control de oficio en segunda instancia genera inseguridad jurídica y puede vulnerar el derecho a la tutela judicial efectiva de la parte no consumidora. Finalmente, se propone una interpretación conciliadora entre la normativa europea de protección del consumidor y los principios procesales nacionales, advirtiendo que, de no ser posible, la solución adecuada debería pasar por la creación legislativa de un proceso especial en materia de consumo, regido por principios distintos a los del proceso civil común.</subfield>
   </datafield>
   <datafield ind1="8" ind2=" " tag="024">
      <subfield code="a">López Gil, Milagros, "El principio tantum apellatum quantum devolutum en la justicia de consumo: una nueva cuestión prejudicial ante el TJUE", Actualidad Civil, nº 5, 2022</subfield>
   </datafield>
   <datafield ind1="8" ind2=" " tag="024">
      <subfield code="a">0213-7100</subfield>
   </datafield>
   <datafield ind1="8" ind2=" " tag="024">
      <subfield code="a">https://legalteca.aranzadilaley.es/LinkToPublication?publication=SMTA5500_00000000_20220501000000050000&amp;fileName=content%2FDT0000353712_20220517.HTML&amp;location=pi-979&amp;publicationDetailsItem=SystematicIndex</subfield>
   </datafield>
   <datafield ind1="8" ind2=" " tag="024">
      <subfield code="a">https://hdl.handle.net/10630/44787</subfield>
   </datafield>
   <datafield tag="653" ind2=" " ind1=" ">
      <subfield code="a">Consumidores - Protección</subfield>
   </datafield>
   <datafield ind2="0" ind1="0" tag="245">
      <subfield code="a">El principio tantum apellatum quantum devolutum en la justicia de consumo: una nueva cuestión prejudicial ante el TJUE</subfield>
   </datafield>
</record>
</metadata></record></GetRecord></OAI-PMH>